[Event "XXVII Festival Conca della Presolana B"]
[Site "Bratto - Castione della Presolana ITA"]
[Date "2007.08.26"]
[Round "3"]
[White "Viglino, Antonio"]
[Black "Trussardi, Giuseppe"]
[Result "1-0"]
[WhiteElo "1871"]
[BlackElo "1702"]
[PlyCount "55"]
[EventDate "2007.08.24"]

1. Nf3 Nf6 2. c4 b6 3. g3 e6 4. Bg2 Bb7 5. O-O Be7 6. Nc3 c5 7. Re1 Ne4 8. Nxe4
Bxe4 9. d3 Bb7 10. e4 d6 11. d4 O-O 12. d5 Bc8 13. e5 Qc7 14. dxe6 Bxe6 15. Ng5
Nc6 16. Nxe6 fxe6 17. Qg4 Nxe5 18. Qxe6+ Kh8 19. Bxa8 Rxa8 20. Kg2 Rf8 21. f4
Ng6 22. Bd2 Rf6 23. Qd5 Qc8 24. Bc3 Rxf4 25. Bxg7+ Kxg7 26. Rxe7+ Kh8 27. Qh5
Rh4 28. Rxh7+ 1-0

[Event "XXVII Festival Conca della Presolana B"]
[Site "Bratto - Castione della Presolana ITA"]
[Date "2007.08.26"]
[Round "3"]
[White "Vocaturo, Ilaria"]
[Black "Saccani, Ettore"]
[Result "0-1"]
[WhiteElo "1698"]
[BlackElo "1888"]
[PlyCount "72"]
[EventDate "2007.08.24"]

1. d4 Nf6 2. Nf3 g6 3. c4 Bg7 4. Nc3 O-O 5. e4 d6 6. Be2 e5 7. dxe5 dxe5 8.
Qxd8 Rxd8 9. Bg5 Nc6 10. Nd5 Rd6 11. c5 Rxd5 12. exd5 Nxd5 13. O-O Be6 14. Rfd1
f6 15. Bh4 Nce7 16. Bc4 c6 17. Nd2 Nf5 18. Bg3 Nxg3 19. hxg3 f5 20. Nf3 h6 21.
Rab1 Kf7 22. Ne1 Bf8 23. Nd3 Kf6 24. Re1 e4 25. Bxd5 cxd5 26. Nf4 Bxc5 27. Nxe6
Kxe6 28. Rbc1 Bd6 29. Red1 Rd8 30. Kf1 Be5 31. Ke2 d4 32. f4 d3+ 33. Kd2 Bd4
34. Re1 Bb6 35. a4 Ba5+ 36. Ke3 d2 0-1

[Event "XXVII Festival Conca della Presolana B"]
[Site "Bratto - Castione della Presolana ITA"]
[Date "2007.08.27"]
[Round "4"]
[White "Acunzo, Domenico"]
[Black "Tonel, Giulia"]
[Result "0-1"]
[WhiteElo "1776"]
[BlackElo "1934"]
[PlyCount "76"]
[EventDate "2007.08.24"]

1. e4 e5 2. f4 exf4 3. Nf3 Nf6 4. e5 Nd5 5. Bc4 Nb6 6. Bb3 d5 7. d4 c5 8. c3 g5
9. h4 g4 10. Ng1 c4 11. Bc2 Bh6 12. g3 fxg3 13. Bxh6 g2 14. Rh2 g3 15. Rxg2
Qxh4 16. Qd2 Rg8 17. Na3 Bg4 18. Nb5 Na6 19. Nd6+ Kd7 20. Bf5+ Kc6 21. Bxg4
Rxg4 22. O-O-O f6 23. Ne2 Rag8 24. Rdg1 fxe5 25. dxe5 Nc5 26. Nf5 Qd8 27. Ned4+
Kd7 28. Bf4 Nd3+ 29. Kc2 Rxf4 30. e6+ Kc8 31. Qe3 Qf6 32. Nd6+ Kd8 33. N4f5
Rxf5 34. Nxf5 Qxf5 35. Qxg3 Rxg3 36. Rxg3 Qxe6 37. Rg8+ Kc7 38. R1g7+ Kc6 0-1

[Event "XXVII Festival Conca della Presolana B"]
[Site "Bratto - Castione della Presolana ITA"]
[Date "2007.08.27"]
[Round "4"]
[White "Antoniacci, Riccardo"]
[Black "Di Donato, Giovanni"]
[Result "0-1"]
[WhiteElo "1989"]
[BlackElo "1939"]
[PlyCount "106"]
[EventDate "2007.08.24"]

1. d4 d5 2. c4 c6 3. Nf3 Nf6 4. Nc3 a6 5. cxd5 cxd5 6. e3 b5 7. Ne5 e6 8. Bd3
Be7 9. Bd2 O-O 10. Rc1 Bb7 11. f4 Nbd7 12. O-O Nxe5 13. fxe5 Nd7 14. Qg4 g6 15.
a3 Rc8 16. Rf3 Qe8 17. e4 dxe4 18. Bxe4 Bxe4 19. Qxe4 f6 20. Qg4 f5 21. Qg3 Nb6
22. Bh6 Rf7 23. Rcf1 Qd7 24. Qf2 Rc4 25. b3 Rc8 26. g4 Bf8 27. Be3 Rxc3 28.
gxf5 Rxe3 29. Qxe3 Rxf5 30. Rxf5 gxf5 31. Rf3 Nd5 32. Rg3+ Bg7 33. Qc1 Ne7 34.
Qc5 Ng6 35. Rc3 Nf4 36. Qc8+ Qxc8 37. Rxc8+ Kf7 38. Kf2 a5 39. Ra8 Nd3+ 40. Kf3
b4 41. Rxa5 bxa3 42. Rxa3 Ne1+ 43. Ke2 Nc2 44. Ra7+ Kg6 45. Kd3 Ne1+ 46. Kc4
Nc2 47. Re7 f4 48. Rxe6+ Kf7 49. Ra6 f3 50. Kd3 Nb4+ 51. Ke3 Nxa6 52. Kxf3 Ke6
53. Ke4 Nb4 0-1

[Event "XXVII Festival Conca della Presolana B"]
[Site "Bratto - Castione della Presolana ITA"]
[Date "2007.08.27"]
[Round "4"]
[White "Barrera, Pietro"]
[Black "Dorati, Giuseppe"]
[Result "1-0"]
[WhiteElo "1905"]
[BlackElo "1715"]
[PlyCount "75"]
[EventDate "2007.08.24"]

1. d4 Nf6 2. Nf3 g6 3. Bf4 Bg7 4. e3 O-O 5. Be2 c5 6. c3 Qb6 7. Qc1 d6 8. h3
cxd4 9. exd4 Nh5 10. Be3 d5 11. Nbd2 f5 12. Nb3 f4 13. Bd2 Qf6 14. Nc5 Nc6 15.
Nd3 h6 16. Qc2 Bf5 17. O-O-O Rac8 18. Qb3 Nxd4 19. Qxd5+ Be6 20. Qxd4 Qxd4 21.
Nxd4 Bxd4 22. Bxh5 gxh5 23. Bxf4 Bxa2 24. Bxh6 Bxc3 25. bxc3 Rxc3+ 26. Kb2 Rfc8
27. Kxa2 Rc2+ 28. Kb1 R2c6 29. Be3 Ra6 30. Rc1 Rd8 31. Rhd1 Rd5 32. Nb2 Rda5
33. Rd8+ Kf7 34. Rc5 Ra1+ 35. Kc2 Rg6 36. Rxh5 Rxg2 37. Rh7+ Ke6 38. Re8 1-0

[Event "XXVII Festival Conca della Presolana B"]
[Site "Bratto - Castione della Presolana ITA"]
[Date "2007.08.27"]
[Round "4"]
[White "Biava, Pierluigi"]
[Black "Viglino, Antonio"]
[Result "1-0"]
[WhiteElo "1739"]
[BlackElo "1871"]
[PlyCount "49"]
[EventDate "2007.08.24"]

1. d4 Nf6 2. Nf3 e6 3. c4 b6 4. Nc3 Bb7 5. e3 Bb4 6. Bd2 O-O 7. Bd3 d5 8. a3
Bd6 9. O-O a6 10. Ne5 c5 11. Qc2 Nc6 12. f4 cxd4 13. exd4 Nxd4 14. Qd1 dxc4 15.
Bxc4 Bc5 16. Kh1 Nf5 17. Qe1 Nh4 18. Qxh4 Qxd2 19. Qh3 Qxb2 20. Na4 Qd4 21.
Nxc5 Qxc5 22. Rac1 Ne4 23. Nxf7 Rxf7 24. Qxe6 Qe7 25. Qxf7+ 1-0

[Event "XXVII Festival Conca della Presolana B"]
[Site "Bratto - Castione della Presolana ITA"]
[Date "2007.08.27"]
[Round "4"]
[White "Bini, Gabriele"]
[Black "Scarpellini, Felice"]
[Result "1/2-1/2"]
[WhiteElo "1601"]
[BlackElo "1848"]
[PlyCount "80"]
[EventDate "2007.08.24"]

1. e4 d6 2. d4 g6 3. Nc3 Bg7 4. Bg5 c6 5. Bc4 Nf6 6. Nge2 O-O 7. O-O b5 8. Bxf6
Bxf6 9. Nxb5 cxb5 10. Bd5 Nc6 11. Bxc6 Rb8 12. c3 Bb7 13. Bxb7 Rxb7 14. Qd2 Qb6
15. Rac1 Rc8 16. Kh1 Rbc7 17. f4 Qc6 18. Qe3 e5 19. fxe5 dxe5 20. d5 Qd6 21.
Rf3 Qd8 22. Rcf1 Bg5 23. Qd3 a6 24. a4 Qe8 25. axb5 Qxb5 26. Qxb5 axb5 27. Ra1
Rc4 28. Ng3 Bf4 29. Ra7 b4 30. Ra4 bxc3 31. Rxc4 Rxc4 32. bxc3 Bxg3 33. Rxg3
Rxe4 34. h3 Re1+ 35. Kh2 Rd1 36. c4 Kf8 37. Rc3 Ke7 38. Kg3 e4 39. Kf4 f5 40.
Ke5 Rd3 1/2-1/2

[Event "XXVII Festival Conca della Presolana B"]
[Site "Bratto - Castione della Presolana ITA"]
[Date "2007.08.27"]
[Round "4"]
[White "Bitossi, Massimo"]
[Black "Orsatti, Marcello"]
[Result "0-1"]
[WhiteElo "1892"]
[BlackElo "1857"]
[PlyCount "74"]
[EventDate "2007.08.24"]

1. d4 d5 2. Nc3 Nf6 3. e4 dxe4 4. f3 exf3 5. Nxf3 Bg4 6. h3 Bxf3 7. Qxf3 c6 8.
Qf2 e6 9. Bd3 Nbd7 10. O-O Be7 11. Bg5 Qc7 12. Ne4 Rf8 13. Nxf6+ Nxf6 14. c4
O-O-O 15. Be3 c5 16. b4 cxd4 17. Bd2 e5 18. c5 Nd5 19. Qf5+ Kb8 20. Rfe1 Bf6
21. a4 g6 22. Qf3 Bh4 23. g3 Be7 24. Bc4 Ne3 25. Bxe3 dxe3 26. Qxe3 f6 27. Rec1
Rd4 28. Rab1 Rfd8 29. Be2 Qc6 30. Bf3 e4 31. b5 Qc7 32. Bxe4 Bxc5 33. Qf4 Rd1+
34. Kg2 R8d2+ 35. Kf3 Rf2+ 36. Kg4 h5+ 37. Kh4 Rxf4+ 0-1

[Event "XXVII Festival Conca della Presolana B"]
[Site "Bratto - Castione della Presolana ITA"]
[Date "2007.08.27"]
[Round "4"]
[White "Boccalatte, Piero"]
[Black "Mazzetta, Renato"]
[Result "1-0"]
[WhiteElo "1975"]
[BlackElo "1864"]
[PlyCount "37"]
[EventDate "2007.08.24"]

1. d4 Nf6 2. c4 e5 3. dxe5 Ng4 4. Nf3 Bc5 5. e3 Nc6 6. a3 a5 7. b3 Ncxe5 8.
Nxe5 Nxe5 9. Bb2 Qe7 10. Be2 O-O 11. O-O Ra6 12. Nc3 Rh6 13. Nd5 Qd6 14. f4 Ng6
15. b4 axb4 16. axb4 Bxb4 17. Qd4 f6 18. Nxb4 Qxb4 19. Ba3 1-0

[Event "XXVII Festival Conca della Presolana B"]
[Site "Bratto - Castione della Presolana ITA"]
[Date "2007.08.27"]
[Round "4"]
[White "Buono, Valerio"]
[Black "Nepi, Ezio"]
[Result "0-1"]
[WhiteElo "1965"]
[BlackElo "1831"]
[PlyCount "48"]
[EventDate "2007.08.24"]

1. e4 e6 2. d4 d5 3. exd5 exd5 4. Bd3 Nc6 5. c3 Bd6 6. Nf3 Bg4 7. O-O Nge7 8.
Bg5 Qd7 9. Nbd2 O-O-O 10. b4 Rde8 11. Nb3 f6 12. Bh4 Nf5 13. Bg3 Nxg3 14. hxg3
Nd8 15. a4 h5 16. Qc2 Bxf3 17. Bf5 Ne6 18. gxf3 Kb8 19. Rfe1 g6 20. Bxg6 Nf4
21. Rxe8+ Rxe8 22. Bxe8 Qh3 23. gxf4 Bxf4 24. Qg6 Bh2+ 0-1

[Event "XXVII Festival Conca della Presolana B"]
[Site "Bratto - Castione della Presolana ITA"]
[Date "2007.08.27"]
[Round "4"]
[White "Cambieri, Mario"]
[Black "Pennati, Roberto"]
[Result "1-0"]
[WhiteElo "1867"]
[BlackElo "1777"]
[PlyCount "77"]
[EventDate "2007.08.24"]

1. c4 f5 2. d4 Nf6 3. g3 Nc6 4. Bg2 e6 5. Nf3 Bb4+ 6. Bd2 Be7 7. Nc3 Rb8 8. O-O
O-O 9. a3 a6 10. d5 Na7 11. dxe6 dxe6 12. Qc2 Nc6 13. Rad1 Qe8 14. Bf4 Bd8 15.
Ne5 Ne7 16. e4 Ng6 17. Nxg6 Qxg6 18. Rxd8 Rxd8 19. Bxc7 Bd7 20. Bxb8 Rxb8 21.
exf5 exf5 22. Re1 Re8 23. Qd2 Rxe1+ 24. Qxe1 h5 25. Qd2 Bc6 26. Nd5 Bxd5 27.
Bxd5+ Nxd5 28. Qxd5+ Qf7 29. Qxf7+ Kxf7 30. f4 Ke6 31. Kf2 b5 32. Ke3 bxc4 33.
Kd4 Kf6 34. Kxc4 g5 35. b4 h4 36. Kd4 gxf4 37. gxf4 h3 38. a4 Ke6 39. b5 1-0

[Event "XXVII Festival Conca della Presolana B"]
[Site "Bratto - Castione della Presolana ITA"]
[Date "2007.08.27"]
[Round "4"]
[White "Cobas Ferrer, Dayami"]
[Black "Romano, Zeno"]
[Result "1-0"]
[WhiteElo "1992"]
[BlackElo "1866"]
[PlyCount "83"]
[EventDate "2007.08.24"]

1. e4 e5 2. Bc4 Nf6 3. d3 Bc5 4. Nf3 Nc6 5. O-O d6 6. c3 O-O 7. Re1 h6 8. Nbd2
Bb6 9. h3 Be6 10. Bb5 Ne7 11. d4 Ng6 12. Nf1 c6 13. Ba4 Qc7 14. Bc2 Rad8 15.
Ne3 Rfe8 16. c4 Nf8 17. d5 cxd5 18. cxd5 Bd7 19. Bd3 Ba5 20. Re2 b5 21. Nh4 Bb6
22. Rc2 Qb8 23. Qf3 Bxe3 24. Bxe3 N8h7 25. Nf5 Bxf5 26. Qxf5 a6 27. Rc6 Rc8 28.
Rac1 Rxc6 29. Rxc6 a5 30. Rb6 Qc7 31. Bxb5 Rb8 32. Rc6 Qd8 33. a4 g6 34. Qf3
Ng5 35. Bxg5 hxg5 36. Qe3 Rb7 37. Qxg5 Qe7 38. Qe3 Nd7 39. Rc8+ Kg7 40. Ra8 Nc5
41. Rxa5 Qd8 42. b4 1-0

[Event "XXVII Festival Conca della Presolana B"]
[Site "Bratto - Castione della Presolana ITA"]
[Date "2007.08.27"]
[Round "4"]
[White "Davi, Alessandro"]
[Black "Crimi, Alessandro"]
[Result "0-1"]
[WhiteElo "1834"]
[BlackElo "1918"]
[PlyCount "70"]
[EventDate "2007.08.24"]

1. d4 Nf6 2. c4 c5 3. Nf3 g6 4. Nc3 Bg7 5. e4 d6 6. Be2 O-O 7. O-O Nc6 8. a3 e5
9. dxe5 dxe5 10. Bg5 Qxd1 11. Bxd1 Nd7 12. Ba4 f6 13. Bxc6 bxc6 14. Be3 Ba6 15.
Rfd1 Rfd8 16. b3 f5 17. Ng5 f4 18. Ne6 fxe3 19. Nxd8 exf2+ 20. Kxf2 Rxd8 21.
Kg1 Bc8 22. Rd6 Bh6 23. Rf1 Bg5 24. Rxc6 Nf8 25. Nd5 Ne6 26. b4 cxb4 27. axb4
Nf4 28. Rc7 Rf8 29. Nxf4 Bxf4 30. Kh1 Be6 31. g3 Bh3 32. Re1 Bd2 33. Rd1 Be3
34. c5 Bg4 35. Rdd7 Bf3# 0-1

[Event "XXVII Festival Conca della Presolana B"]
[Site "Bratto - Castione della Presolana ITA"]
[Date "2007.08.27"]
[Round "4"]
[White "Delledonne, Francesco"]
[Black "Pedemonte, Claudio"]
[Result "0-1"]
[WhiteElo "1822"]
[BlackElo "1915"]
[PlyCount "60"]
[EventDate "2007.08.24"]

1. d4 d5 2. c4 e6 3. Nc3 Nf6 4. cxd5 exd5 5. Bg5 c6 6. e3 Nbd7 7. Bd3 Be7 8.
Nge2 O-O 9. O-O Re8 10. f3 Nf8 11. e4 dxe4 12. fxe4 Ne6 13. Bxf6 Bxf6 14. e5
Bg5 15. Ne4 Be3+ 16. Kh1 Nxd4 17. Nxd4 Qxd4 18. Nf6+ gxf6 19. Bxh7+ Kf8 20. Qf3
Qxe5 21. Rae1 Qg5 22. Be4 Bc5 23. Bxc6 Rxe1 24. Rxe1 Be6 25. Bxb7 Rd8 26. Qe4
Rd4 27. Qc6 Rc4 28. Qf3 Rc1 29. Qe2 Bd6 30. g3 Bd5+ 0-1

[Event "XXVII Festival Conca della Presolana B"]
[Site "Bratto - Castione della Presolana ITA"]
[Date "2007.08.27"]
[Round "4"]
[White "Fiorili, Roberto"]
[Black "Primerano, Carlo"]
[Result "1/2-1/2"]
[WhiteElo "1946"]
[BlackElo "1740"]
[PlyCount "54"]
[EventDate "2007.08.24"]

1. e4 c6 2. d4 d5 3. Nc3 dxe4 4. Nxe4 Nd7 5. Nf3 Ngf6 6. Bd3 Nxe4 7. Bxe4 Nf6
8. Bd3 Bg4 9. c3 e6 10. h3 Bxf3 11. Qxf3 Be7 12. Bf4 O-O 13. g4 Qd5 14. Qxd5
cxd5 15. f3 a6 16. Kf2 b5 17. a3 Rfd8 18. Rag1 Ne8 19. g5 Bd6 20. Bc1 Rdb8 21.
h4 g6 22. h5 Ng7 23. hxg6 hxg6 24. Rh3 Nf5 25. Rgh1 Kf8 26. Rh8+ Ke7 27. R8h7
Rf8 1/2-1/2

[Event "XXVII Festival Conca della Presolana B"]
[Site "Bratto - Castione della Presolana ITA"]
[Date "2007.08.27"]
[Round "4"]
[White "Franciosi, Fausto"]
[Black "Gallana, Marco"]
[Result "0-1"]
[WhiteElo "1698"]
[BlackElo "1949"]
[PlyCount "68"]
[EventDate "2007.08.24"]

1. e4 c6 2. d3 d5 3. Nd2 e5 4. Ngf3 Bd6 5. g3 Nf6 6. Bg2 Bg4 7. c3 O-O 8. O-O
Nbd7 9. Re1 Re8 10. Nf1 Qc7 11. Bg5 h6 12. Bxf6 Nxf6 13. Ne3 Bh5 14. Nf5 Bf8
15. Qc2 a5 16. h3 Rad8 17. N3h4 dxe4 18. dxe4 Rd7 19. g4 Bg6 20. Nxg6 fxg6 21.
Ng3 Bc5 22. Qb3+ Kh7 23. Rad1 Rf7 24. Nh1 b5 25. Rd2 a4 26. Qc2 Nd7 27. b3 Qa7
28. bxa4 bxa4 29. Rf1 Nf8 30. Qd1 Ne6 31. Kh2 Ref8 32. Kg3 Qe7 33. h4 Qf6 34.
Qe2 Be7 0-1

[Event "XXVII Festival Conca della Presolana B"]
[Site "Bratto - Castione della Presolana ITA"]
[Date "2007.08.27"]
[Round "4"]
[White "Gazzetta, Marco"]
[Black "Menegollo, Carlo"]
[Result "0-1"]
[WhiteElo "1769"]
[BlackElo "1889"]
[PlyCount "56"]
[EventDate "2007.08.24"]

1. e4 e6 2. d4 d5 3. e5 c5 4. c3 Nc6 5. Nf3 Qb6 6. Bd3 Bd7 7. O-O cxd4 8. cxd4
Nxd4 9. Nxd4 Qxd4 10. Nc3 Qb6 11. Qe2 a6 12. Kh1 g6 13. f4 Bc6 14. Be3 Bc5 15.
Bxc5 Qxc5 16. Rac1 Qb6 17. Qg4 Qe3 18. Bb1 h5 19. Qg5 h4 20. Rce1 Qb6 21. h3
Rh5 22. Qg4 Nh6 23. Qe2 O-O-O 24. f5 Nxf5 25. Bxf5 exf5 26. e6 Qc7 27. Qe3 d4
28. e7 dxe3 0-1

[Event "XXVII Festival Conca della Presolana B"]
[Site "Bratto - Castione della Presolana ITA"]
[Date "2007.08.27"]
[Round "4"]
[White "Gozzini, Giambattista"]
[Black "Gatta, Flavio"]
[Result "1/2-1/2"]
[WhiteElo "1881"]
[BlackElo "1791"]
[PlyCount "94"]
[EventDate "2007.08.24"]

1. e4 Nf6 2. d3 d6 3. Nf3 g6 4. g3 Bg7 5. Bg2 c5 6. O-O O-O 7. Re1 Nc6 8. c3
Qc7 9. Nbd2 Rb8 10. a4 a6 11. d4 cxd4 12. cxd4 Bd7 13. Ra3 b5 14. axb5 axb5 15.
d5 Na5 16. Rc3 Qb7 17. Ra3 Nc4 18. Nxc4 bxc4 19. Qc2 Rfc8 20. h3 Qb4 21. Bf1
Nh5 22. g4 Nf6 23. Rd1 h5 24. g5 Ne8 25. Ra7 Bb5 26. Kh2 Kf8 27. Nd4 Qc5 28.
Be3 Qxa7 29. Ne6+ fxe6 30. Bxa7 Ra8 31. Bd4 e5 32. Bc3 Ba4 33. Qd2 Bxd1 34.
Qxd1 Kg8 35. Be2 Bf8 36. Qf1 Ra4 37. f4 exf4 38. Qxf4 Bg7 39. e5 Nc7 40. Qe4
Rf8 41. Bxc4 Nb5 42. exd6 Nxc3 43. bxc3 exd6 44. Qe6+ Kh8 45. Bd3 Be5+ 46. Kg2
Ra2+ 47. Kh1 Ra1+ 1/2-1/2

[Event "XXVII Festival Conca della Presolana B"]
[Site "Bratto - Castione della Presolana ITA"]
[Date "2007.08.27"]
[Round "4"]
[White "Margstahler, Francesco"]
[Black "Stella, Luca"]
[Result "0-1"]
[WhiteElo "1752"]
[BlackElo "1855"]
[PlyCount "79"]
[EventDate "2007.08.24"]

1. e4 c5 2. c3 e6 3. d4 d5 4. exd5 Qxd5 5. Nf3 Nf6 6. Na3 Nc6 7. Nb5 Qe4+ 8.
Qe2 Qxe2+ 9. Bxe2 Kd8 10. Bf4 Nd5 11. Bg3 a6 12. Nd6 Bxd6 13. Bxd6 cxd4 14.
cxd4 Kd7 15. Bg3 Ke7 16. O-O Rd8 17. a3 b5 18. Rad1 Bb7 19. Rfe1 Kf8 20. Ng5
Nf6 21. Bf3 h6 22. Nh3 Na5 23. Bxb7 Nxb7 24. Be5 Nd5 25. Nf4 Nxf4 26. Bxf4 Rd7
27. Bd2 Rad8 28. Bb4+ Kg8 29. Bc3 Rd5 30. f3 R8d7 31. g4 Nd8 32. Re3 Nc6 33.
Re2 e5 34. Red2 exd4 35. f4 a5 36. Kf2 b4 37. Bxd4 Rxd4 38. Ke3 Rxd2 39. Rxd2
Rxd2 40. Kxd2 0-1

[Event "XXVII Festival Conca della Presolana B"]
[Site "Bratto - Castione della Presolana ITA"]
[Date "2007.08.27"]
[Round "4"]
[White "Marsili, Riccardo"]
[Black "Galasso, Daniele"]
[Result "0-1"]
[WhiteElo "1686"]
[BlackElo "1712"]
[PlyCount "82"]
[EventDate "2007.08.24"]

1. e4 c6 2. c4 d5 3. cxd5 cxd5 4. exd5 Nf6 5. Qa4+ Bd7 6. Qb3 Qc7 7. Nc3 e5 8.
Bc4 Bc5 9. Nf3 O-O 10. O-O e4 11. Ng5 Bd6 12. Ngxe4 Bxh2+ 13. Kh1 Nxe4 14. Nxe4
Qe5 15. Ng3 Bxg3 16. Qxg3 Qh5+ 17. Qh2 Qf5 18. d4 b5 19. Bb3 a5 20. a3 Qd3 21.
Qg3 Qxf1+ 22. Kh2 Qe2 23. Be3 Qh5+ 24. Kg1 Ra6 25. Bf4 Rg6 26. Qh2 Qxh2+ 27.
Bxh2 Rc8 28. Re1 a4 29. Ba2 Na6 30. Bg3 b4 31. Kf1 Rh6 32. Kg1 Re8 33. Rc1 Rc8
34. Re1 b3 35. Bb1 Nc7 36. Bxc7 Rxc7 37. Bf5 Kf8 38. d6 Rxd6 39. Bxd7 Rcxd7 40.
Rd1 Rxd4 41. Rxd4 Rxd4 0-1

[Event "XXVII Festival Conca della Presolana B"]
[Site "Bratto - Castione della Presolana ITA"]
[Date "2007.08.27"]
[Round "4"]
[White "Melone, Antonio"]
[Black "Luppi, Dario"]
[Result "1-0"]
[WhiteElo "1704"]
[BlackElo "1763"]
[PlyCount "97"]
[EventDate "2007.08.24"]

1. d4 Nf6 2. c4 Nc6 3. Nf3 e6 4. Nc3 Bb4 5. e3 O-O 6. Bd3 d6 7. O-O Bxc3 8.
bxc3 e5 9. Be2 Ne4 10. Qc2 f5 11. Rd1 Ng5 12. dxe5 Nxf3+ 13. Bxf3 Nxe5 14. Bd5+
Kh8 15. c5 Rf6 16. Ba3 Rg6 17. cxd6 cxd6 18. c4 Qh4 19. g3 Ng4 20. f4 Bd7 21.
Qe2 Qh6 22. Bf3 Re8 23. Bxg4 fxg4 24. c5 d5 25. Rxd5 Bc6 26. Rd2 Bf3 27. Qf2
Rge6 28. Re1 Re4 29. Rd4 Qa6 30. Bb4 Qb5 31. Qd2 h5 32. a3 R8e7 33. Rd5 g6 34.
Rg5 Rd7 35. Qc3+ Kh7 36. Qf6 Qc6 37. Rxg6 Qxf6 38. Rxf6 Rc4 39. Rd6 Rc7 40. Rd2
Bc6 41. Rd4 Rc2 42. e4 Re7 43. f5 Kg7 44. e5 Rg2+ 45. Kf1 Kf7 46. e6+ Kf6 47.
Rf4 Rxh2 48. Bc3+ Kg5 49. Re5 1-0

[Event "XXVII Festival Conca della Presolana B"]
[Site "Bratto - Castione della Presolana ITA"]
[Date "2007.08.27"]
[Round "4"]
[White "Mora, Lorenzo"]
[Black "Rozzoni, Davide"]
[Result "1-0"]
[WhiteElo "1920"]
[BlackElo "1786"]
[PlyCount "77"]
[EventDate "2007.08.24"]

1. e4 Nh6 2. d4 g6 3. Bc4 c6 4. Nc3 Bg7 5. Be3 f6 6. f3 e6 7. Qd2 Nf7 8. h4 d5
9. Bb3 b5 10. O-O-O a5 11. a4 Ba6 12. axb5 cxb5 13. exd5 a4 14. Ba2 exd5 15.
Nxd5 Bb7 16. Nf4 Qd6 17. Ne6 a3 18. Nxg7+ Ke7 19. b4 Bd5 20. Bf4 Qc6 21. Bxd5
Qxd5 22. Qe2+ Kd7 23. Re1 Nc6 24. Ne6 a2 25. Kb2 a1=Q+ 26. Rxa1 Rxa1 27. Nc5+
Kd8 28. Kxa1 Nxb4 29. Nb3 Qa8+ 30. Kb1 Qa2+ 31. Kc1 Re8 32. Be5 Nxe5 33. dxe5
Rxe5 34. Qd2+ Nd5 35. Nh3 Kc8 36. f4 Qa3+ 37. Kb1 Re2 38. Qxd5 Re7 39. Qc5+ 1-0

[Event "XXVII Festival Conca della Presolana B"]
[Site "Bratto - Castione della Presolana ITA"]
[Date "2007.08.27"]
[Round "4"]
[White "Morandi, Daniele"]
[Black "Caputi, Giuliano"]
[Result "1-0"]
[WhiteElo "1904"]
[BlackElo "1975"]
[PlyCount "49"]
[EventDate "2007.08.24"]

1. e4 c5 2. Nf3 d6 3. d4 cxd4 4. Nxd4 Nf6 5. Nc3 e6 6. Be2 a6 7. O-O Be7 8. Be3
Qc7 9. f4 O-O 10. Qe1 Nbd7 11. Kh1 b5 12. a3 Bb7 13. Bf3 Nc5 14. e5 dxe5 15.
fxe5 Qxe5 16. Bxb7 Nxb7 17. Nc6 Qc7 18. Nxe7+ Qxe7 19. Bg5 Qc5 20. Bxf6 gxf6
21. Ne4 Qxc2 22. Rc1 Qd3 23. Rc3 Qd4 24. Nxf6+ Kh8 25. Qb1 1-0

[Event "XXVII Festival Conca della Presolana B"]
[Site "Bratto - Castione della Presolana ITA"]
[Date "2007.08.27"]
[Round "4"]
[White "Oteri, Aldo"]
[Black "Chiarion, Elisa"]
[Result "0-1"]
[WhiteElo "1957"]
[BlackElo "1814"]
[PlyCount "118"]
[EventDate "2007.08.24"]

1. e4 c5 2. Nf3 d6 3. d4 cxd4 4. Nxd4 Nf6 5. Nc3 g6 6. Be3 Bg7 7. f3 Nc6 8. Qd2
O-O 9. O-O-O Nxd4 10. Bxd4 Be6 11. Kb1 Rc8 12. Bxa7 Ra8 13. Be3 Qc7 14. Bb5 Qa5
15. a4 Rfc8 16. g4 Nxg4 17. Bd4 Ne5 18. Bxe5 Bxe5 19. Nd5 Qxd2 20. Rxd2 Bxd5
21. exd5 h5 22. c4 h4 23. Kc2 Kg7 24. b4 h3 25. Kb3 Kf6 26. Rf1 Bf4 27. Re2 g5
28. Bd7 Rc7 29. Bxh3 Rh8 30. Bg4 Kg6 31. h3 Be5 32. Rc2 f5 33. c5 fxg4 34. hxg4
Rh2 35. Rxh2 Bxh2 36. Kc4 dxc5 37. bxc5 Bd6 38. Kb5 Rxc5+ 39. Kb6 Rxd5 40. Kxb7
Ra5 41. Ra1 Kf6 42. Kb6 Bb4 43. Rb1 Rxa4 44. Kb5 Ra3 45. Rxb4 Rxf3 46. Rb1 Rf4
47. Rg1 e6 48. Kc5 Ke5 49. Rg2 Re4 50. Rg1 Re3 51. Kc4 Kf4 52. Kd4 e5+ 53. Kc4
Rg3 54. Re1 e4 55. Kd4 Rd3+ 56. Kc4 Re3 57. Rg1 Rg3 58. Re1 Rxg4 59. Kd4 Kf3
0-1

[Event "XXVII Festival Conca della Presolana B"]
[Site "Bratto - Castione della Presolana ITA"]
[Date "2007.08.27"]
[Round "4"]
[White "Proietti, Giorgio"]
[Black "De Bortoli, Thomas"]
[Result "1-0"]
[WhiteElo "1878"]
[BlackElo "1617"]
[PlyCount "95"]
[EventDate "2007.08.24"]

1. d4 Nf6 2. c4 g6 3. Nc3 Bg7 4. Nf3 d6 5. e4 O-O 6. Be2 Nc6 7. d5 Ne5 8. Nxe5
dxe5 9. O-O Ne8 10. Be3 e6 11. Rc1 f5 12. f3 f4 13. Bf2 g5 14. c5 h5 15. Bc4
exd5 16. Qxd5+ Qxd5 17. exd5 Kh8 18. h3 g4 19. hxg4 hxg4 20. Rfd1 Bf5 21. Bd3
gxf3 22. Bxf5 Rxf5 23. gxf3 Nf6 24. d6 c6 25. Ne4 Nd5 26. Kf1 Kg8 27. Ke2 Rh5
28. Nc3 Nf6 29. Rh1 Kf7 30. Rxh5 Nxh5 31. Ne4 Bf6 32. Rh1 Rh8 33. Kd3 Bd8 34.
b4 Kg6 35. a4 Re8 36. b5 Nf6 37. Nxf6 Bxf6 38. Ke4 Rc8 39. bxc6 bxc6 40. Be1
Rb8 41. Ba5 Rb7 42. Rg1+ Kf7 43. Kf5 Rd7 44. Rg6 Bh8 45. Rh6 Bg7 46. Rh7 Kg8
47. Rh2 Kf7 48. Bc3 1-0

[Event "XXVII Festival Conca della Presolana B"]
[Site "Bratto - Castione della Presolana ITA"]
[Date "2007.08.27"]
[Round "4"]
[White "Raselli, Claudio"]
[Black "Autelitano, Bruno"]
[Result "1/2-1/2"]
[WhiteElo "1985"]
[BlackElo "1754"]
[PlyCount "29"]
[EventDate "2007.08.24"]

1. d4 d5 2. c4 c6 3. Nc3 e6 4. Nf3 dxc4 5. e3 b5 6. a4 Bb4 7. axb5 Bxc3+ 8.
bxc3 cxb5 9. Ne5 Bb7 10. Ba3 Nd7 11. Qg4 Nxe5 12. dxe5 g6 13. Rd1 Qa5 14. Bb4
Qc7 15. Bd6 1/2-1/2

[Event "XXVII Festival Conca della Presolana B"]
[Site "Bratto - Castione della Presolana ITA"]
[Date "2007.08.27"]
[Round "4"]
[White "Rombaldoni, Brian"]
[Black "Franzini, Stefano"]
[Result "0-1"]
[WhiteElo "1812"]
[BlackElo "1905"]
[PlyCount "92"]
[EventDate "2007.08.24"]

1. d4 d5 2. Nf3 Nf6 3. Bf4 e6 4. e3 c5 5. c3 Nc6 6. Bd3 c4 7. Bc2 Be7 8. a4 Qb6
9. Qc1 Bd7 10. h3 O-O 11. Nbd2 Ne8 12. e4 Bd6 13. e5 Be7 14. Bb1 Na5 15. Ng5
Bxg5 16. Bxg5 f6 17. exf6 Nxf6 18. Qc2 g6 19. Ra3 e5 20. Bxf6 Rxf6 21. Nf3 Bf5
22. Qc1 exd4 23. Bxf5 Re8+ 24. Kf1 Rxf5 25. Nxd4 Rfe5 26. Ra1 Nb3 27. Nxb3 Qxb3
28. Qd2 Qb6 29. g3 Re2 30. Qxd5+ R8e6 31. Qd4 Qxd4 32. cxd4 Rd2 33. Kg2 Ree2
34. Rhf1 Rxd4 35. Rab1 Rdd2 36. Rbc1 Rc2 37. Rxc2 Rxc2 38. Rb1 Kf7 39. Kf3 Ke6
40. Ke3 Kd5 41. Rd1+ Kc5 42. Rd2 Rxd2 43. Kxd2 Kd4 44. f3 b6 45. h4 a6 46. g4
46... b5 $138 0-1